000 00493cab a2200193 4500
001 X3002
008 090401t1996 xxu||||| |||| 00| 0 eng d
035 _a(Sirsi) u27865
041 _aeng
100 _aDowman, I.
245 _aDigital photogrammetry - time for decision?
260 _c1996
350 _a0
490 _aSurveying World
_v4(2) January/February 1996, 5(1)
650 _aDIGITAL PHOTOGRAMMETRY
690 _aMAPPING AND MEASUREMENT
942 _n0
948 _c04/03/1997
999 _c18780
_d18780